[Event "ICS rated blitz match"]
[Site "204.178.125.65"]
[Date "2000.02.25"]
[Round "?"]
[White "PostModernist"]
[Black "Hossa"]
[Result "1-0"]
[WhiteElo "2595"]
[BlackElo "2402"]
[PlyCount "95"]

1. c4 e5 2. Nc3 Nf6 3. Nf3 Nc6 4. e3 Bb4 5. Qc2 O-O 6. Nd5 Re8 7. Qf5 d6 8.
Nxf6+ gxf6 9. Qh5 d5 10. a3 Bf8 11. d4 exd4 12. Bd3 h6 13. O-O Ne5 14. Nxe5
fxe5 15. exd4 Qf6 16. Re1 e4 17. cxd5 Bf5 18. Bc2 Bg6 19. Qd1 Rab8 20. Be3 Qh4
21. Qd2 Rbc8 22. h3 a6 23. Rac1 Re7 24. Bb3 Rd7 25. Bf4 Bf5 26. d6 Bxd6 27.
Bxh6 Be7 28. Rc3 Bd6 29. Bg5 Qh5 30. g4 Bxg4 31. hxg4 Qxg4+ 32. Kf1 Be5 33. Bf6
Rxd4 34. Qh6 Bxf6 35. Qxf6 e3 36. Qxf7+ Kh8 37. Rexe3 Rd1+ 38. Bxd1 Qxd1+ 39.
Kg2 Rg8+ 40. Rg3 Rg4 41. Qe8+ Kg7 42. Rxc7+ Qd7 43. Rxg4+ Kf6 44. Rg6+ Kf5 45.
Rc5+ Qd5+ 46. Rxd5+ Kf4 47. Rd4+ Kf5 48. Qe6# 1-0

[Event "ICS rated blitz match"]
[Site "204.178.125.65"]
[Date "2000.02.25"]
[Round "?"]
[White "Hossa"]
[Black "QueenMaxima"]
[Result "1-0"]
[WhiteElo "2394"]
[BlackElo "2335"]
[PlyCount "139"]

1. d4 Nf6 2. c4 d5 3. cxd5 g6 4. Qa4+ Nbd7 5. Nc3 Bg7 6. e4 O-O 7. Nf3 h6 8.
Qc2 Nb8 9. Bc4 Ne8 10. Be3 Nf6 11. O-O-O Bg4 12. Qd2 Bxf3 13. gxf3 Kh7 14. Rhg1
Qc8 15. Qc2 Kg8 16. e5 Ne8 17. Ne4 Kh8 18. f4 c6 19. Be2 Na6 20. dxc6 Nb4 21.
Qb3 Nxc6 22. Nc3 Na5 23. Qb4 Nc6 24. Qc4 Qb8 25. d5 Nd8 26. Bc5 b5 27. Qxb5 Qc7
28. d6 exd6 29. exd6 Qb8 30. d7 Nf6 31. Qxb8 Rxb8 32. f5 Rg8 33. fxg6 Rb7 34.
Bc4 Rxd7 35. Rxd7 Nxd7 36. gxf7 Nxf7 37. Bxf7 Nxc5 38. Bxg8 Kxg8 39. Rg3 Kf7
40. Nb5 a6 41. Nd6+ Kf8 42. f4 h5 43. Nf5 Bf6 44. Ra3 Kf7 45. b4 Ne6 46. Rxa6
Nxf4 47. Nd6+ Ke7 48. b5 Nd3+ 49. Kd2 Nb4 50. a3 Nd5 51. Nf5+ Kf7 52. Rc6 Be5
53. h4 Ne7 54. Nxe7 Kxe7 55. a4 Bf4+ 56. Ke2 Kd7 57. a5 Be5 58. Rh6 Kc7 59.
Rxh5 Bd4 60. Rh7+ Kb8 61. Kd3 Bf2 62. a6 Ka8 63. h5 Bg3 64. b6 Be5 65. Re7 Bd6
66. Re8+ Bb8 67. a7 Kb7 68. axb8=Q+ Kc6 69. Re5 Kd7 70. Qc7# 1-0

[Event "ICS rated blitz match"]
[Site "204.178.125.65"]
[Date "2000.02.25"]
[Round "?"]
[White "Hossa"]
[Black "PostModernist"]
[Result "0-1"]
[WhiteElo "2419"]
[BlackElo "2603"]
[PlyCount "74"]

1. d4 d5 2. c4 e6 3. Nc3 c5 4. cxd5 exd5 5. Nf3 Nc6 6. g3 c4 7. Bg2 Bb4 8. O-O
Nge7 9. Re1 Bf5 10. Bf4 O-O 11. Rc1 Qd7 12. Qd2 Rfe8 13. e3 f6 14. Nh4 Bd3 15.
e4 dxe4 16. Bxe4 Bxc3 17. Bxc6 Qxc6 18. bxc3 g5 19. Bxg5 fxg5 20. Qxg5+ Ng6 21.
f4 Kh8 22. a3 Nxh4 23. Qxh4 Qf3 24. Qf6+ Kg8 25. Re7 Rxe7 26. Qxe7 Bg6 27. Qe1
Be4 28. Qf1 Qh1+ 29. Kf2 Qxh2+ 30. Ke1 Bd3 31. Kd1 Re8 32. f5 Qh5+ 33. g4 Qxg4+
34. Kd2 Re2+ 35. Kd1 Rf2+ 36. Ke1 Rxf1+ 37. Kd2 Qe2# 0-1

[Event "ICS Rated blitz match"]
[Site "204.178.125.65"]
[Date "2000.02.25"]
[Round "?"]
[White "Viveiros"]
[Black "Hossa"]
[Result "0-1"]
[WhiteElo "2014"]
[BlackElo "2411"]
[PlyCount "63"]

1. e4 c6 2. Nc3 d5 3. Nf3 Bg4 4. h3 Bxf3 5. Qxf3 Nf6 6. d3 e6 7. Bd2 Nbd7 8. g4
d4 9. Nb1 Qb6 10. Bc1 Ne5 11. Qe2 O-O-O 12. f4 Bb4+ 13. Nd2 Bxd2+ 14. Kxd2 Qb4+
15. Kd1 Ned7 16. g5 Ne8 17. a3 Qa5 18. Qd2 Qa6 19. Bg2 Nd6 20. Qf2 Qb6 21. b3
Nc5 22. Bb2 Nb5 23. Qd2 h6 24. a4 Nc7 25. h4 hxg5 26. hxg5 Rxh1+ 27. Bxh1 Rh8
28. Bf3 N5a6 29. a5 Qc5 30. Ba3 Qb5 31. Bb2 c5 32. Ke2 0-1

[Event "ICS Rated blitz match"]
[Site "204.178.125.65"]
[Date "2000.02.25"]
[Round "?"]
[White "warps"]
[Black "Hossa"]
[Result "1-0"]
[WhiteElo "2488"]
[BlackElo "2414"]
[PlyCount "137"]

1. d4 d5 2. c4 c6 3. Nf3 Nf6 4. Nc3 dxc4 5. a4 Bf5 6. Ne5 e6 7. f3 Bb4 8. e4
Bxe4 9. fxe4 Nxe4 10. Bd2 Qxd4 11. Nxe4 Qxe4+ 12. Qe2 Bxd2+ 13. Kxd2 Qd5+ 14.
Kc2 Na6 15. Nxc4 O-O-O 16. Qe5 f6 17. Qe3 Kb8 18. Be2 Qxg2 19. Rhg1 Qxh2 20.
Rxg7 Nc7 21. Rf1 Nd5 22. Qe4 f5 23. Qf3 Qh6 24. Rf7 Qh4 25. Rh1 Qd4 26. Rfxh7
Nb4+ 27. Kb3 Rxh7 28. Rxh7 Nd5 29. Qg3+ Ka8 30. Rd7 Qf6 31. Qd6 Rxd7 32. Qxd7
a6 33. a5 Qh6 34. Bf3 Qh3 35. Ne5 f4 36. Qe8+ Ka7 37. Qf7 Ka8 38. Qg8+ Ka7 39.
Qg1+ Ka8 40. Qg4 Qf1 41. Qxe6 Qb5+ 42. Kc2 Qxa5 43. Bxd5 cxd5 44. Nd3 Ka7 45.
Qf5 Qa4+ 46. Kd2 d4 47. Qc5+ Kb8 48. Nxf4 b5 49. Ne6 Qc4 50. Qd6+ Kc8 51. Nc5
Qf7 52. Qc6+ Qc7 53. Qxa6+ Kb8 54. Qxb5+ Ka7 55. Qa4+ Kb6 56. Qxd4 Qh2+ 57. Kc3
Kc6 58. b4 Qg3+ 59. Nd3 Qf3 60. Qc5+ Kb7 61. Qd6 Qh3 62. b5 Kc8 63. b6 Kb7 64.
Kc4 Ka6 65. Nc5+ Ka5 66. Qd2+ Kxb6 67. Qd6+ Ka7 68. Qa6+ Kb8 69. Qb7# 1-0

[Event "ICS rated blitz match"]
[Site "204.178.125.65"]
[Date "2000.02.25"]
[Round "?"]
[White "Hossa"]
[Black "PostModernist"]
[Result "1/2-1/2"]
[WhiteElo "2401"]
[BlackElo "2611"]
[PlyCount "253"]

1. e4 c6 2. d4 Na6 3. Nf3 Nc7 4. Be2 d5 5. exd5 cxd5 6. c4 dxc4 7. Bxc4 e6 8.
O-O Nf6 9. Re1 b5 10. Bd3 Bb4 11. Bd2 Bxd2 12. Nbxd2 O-O 13. Qc2 Bb7 14. Rec1
Rc8 15. Qc5 a6 16. Qa7 Bxf3 17. Nxf3 Qd6 18. Ne5 Nfd5 19. Rc6 Qe7 20. Rac1 f6
21. Ng4 Ra8 22. Qc5 Rf7 23. Be4 Qxc5 24. R1xc5 f5 25. Bxd5 Nxd5 26. Ne5 Rf6 27.
Rd6 h5 28. h4 Kh7 29. Rd7 Nb6 30. Rb7 Nd5 31. Kh2 f4 32. a3 Kh6 33. Rc6 Kh7 34.
b3 Kh6 35. Rd6 Nc3 36. Rbb6 Nd5 37. Rxa6 Rxa6 38. Rxa6 g6 39. Rc6 Kg7 40. b4
Rf8 41. Rxe6 Rf6 42. Re8 Ra6 43. Rb8 Nc3 44. Rb7+ Kg8 45. Rc7 Nb1 46. Nd3 Rd6
47. Nxf4 Rxd4 48. Nxg6 Nxa3 49. g3 Rxb4 50. Nf4 Rc4 51. Ra7 b4 52. Nxh5 Nb5 53.
Rb7 Nd6 54. Nf6+ Kf8 55. Rb8+ Kf7 56. Nd5 Rc2 57. Kg1 Rd2 58. Nxb4 Ne4 59. Kg2
Rxf2+ 60. Kh3 Rf3 61. Kg4 Ra3 62. Nc6 Nxg3 63. Ne5+ Kf6 64. Re8 Nh1 65. Nd7+
Kf7 66. Re2 Ra4+ 67. Kh3 Ra3+ 68. Kg2 Ng3 69. Re1 Kg6 70. Rb1 Nf5 71. Ne5+ Kh5
72. Rb8 Nxh4+ 73. Kf2 Kg5 74. Rf8 Nf5 75. Rg8+ Kf4 76. Nd3+ Rxd3 77. Ke2 Rd6
78. Rf8 Rd5 79. Rf7 Rd8 80. Rf6 Ke5 81. Rg6 Ra8 82. Rg5 Kf4 83. Rg1 Ra3 84.
Rf1+ Ke4 85. Rd1 Ra2+ 86. Ke1 Nd4 87. Kf1 Rh2 88. Kg1 Rc2 89. Kf1 Rb2 90. Re1+
Kf3 91. Re8 Rb1+ 92. Re1 Rb8 93. Re5 Ra8 94. Ke1 Rd8 95. Kf1 Rc8 96. Ke1 Rc2
97. Re7 Rb2 98. Rf7+ Ke4 99. Re7+ Kd3 100. Kf1 Nf5 101. Rd7+ Ke3 102. Rf7 Ng3+
103. Kg1 Ne2+ 104. Kg2 Nf4+ 105. Kh1 Rb5 106. Kh2 Rg5 107. Rb7 Rg8 108. Rb3+
Kf2 109. Rb2+ Kf3 110. Rb3+ Ke2 111. Rb2+ Kd3 112. Rb3+ Kc2 113. Rb4 Rg2+ 114.
Kh1 Rg4 115. Kh2 Kd3 116. Rb3+ Kd4 117. Rb4+ Ke3 118. Rb3+ Kf2 119. Rb2+ Kf3
120. Rb3+ Ke4 121. Rb4+ Kd5 122. Rb5+ Kd4 123. Rb4+ Kc3 124. Rb1 Kd2 125. Rb2+
Kc1 126. Ra2 Rg8 127. Ra1+ 1/2-1/2

[Event "ICS rated blitz match"]
[Site "204.178.125.65"]
[Date "2000.02.25"]
[Round "?"]
[White "PostModernist"]
[Black "Hossa"]
[Result "1-0"]
[WhiteElo "2602"]
[BlackElo "2410"]
[PlyCount "151"]

1. c4 c5 2. Nf3 Nf6 3. Nc3 d5 4. cxd5 Nxd5 5. d4 cxd4 6. Qxd4 Nxc3 7. Qxc3 Nc6
8. e4 Bg4 9. Bb5 Rc8 10. Be3 Bxf3 11. gxf3 a6 12. Rd1 Qc7 13. Bxc6+ Qxc6 14.
Qd4 Qd6 15. Qa4+ Qc6 16. Qd4 Qd6 17. O-O Qxd4 18. Rxd4 e5 19. Rd5 f6 20. Rfd1
b5 21. Rd7 Be7 22. Ra7 Kf7 23. Rxa6 Rc2 24. b4 Bxb4 25. Rb1 Be7 26. Rxb5 Rhc8
27. a4 R8c7 28. Kg2 Ra2 29. a5 g6 30. Ra7 Rxa7 31. Bxa7 Ke6 32. Bb6 h6 33. Bc5
Bd8 34. Bb4 h5 35. Rd5 Bc7 36. Rc5 Kd7 37. h3 Ra4 38. Rd5+ Ke6 39. Rb5 h4 40.
Kf1 Ra1+ 41. Ke2 Rb1 42. a6 Rb2+ 43. Ke1 Rb1+ 44. Kd2 Rb2+ 45. Kd3 Ra2 46. Rb7
Kd7 47. Ra7 Kc6 48. Ra8 Rxf2 49. Rf8 Ra2 50. Kc4 f5 51. Rf6+ Kd7 52. Kb3 Ra1
53. Bc3 Rb1+ 54. Kc2 Rb8 55. Rf7+ Kd6 56. Rxc7 Kxc7 57. Bxe5+ Kb6 58. Bxb8 Kxa6
59. exf5 gxf5 60. Kd3 Kb5 61. Ke3 Kb4 62. Bd6+ Kc3 63. Be7 Kc2 64. Bxh4 Kd1 65.
Bd8 Ke1 66. h4 Kf1 67. h5 Kg2 68. h6 f4+ 69. Ke4 Kf2 70. h7 Kg3 71. h8=Q Kg2
72. Qa1 Kf2 73. Bb6+ Ke2 74. Qb1 Kd2 75. Ba5+ Ke2 76. Qe1# 1-0

[Event "ICS Rated blitz match"]
[Site "204.178.125.65"]
[Date "2000.02.25"]
[Round "?"]
[White "Hossa"]
[Black "PostModernist"]
[Result "0-1"]
[WhiteElo "2402"]
[BlackElo "2610"]
[PlyCount "81"]

1. d4 d5 2. c4 e6 3. Nc3 Be7 4. Nf3 Nf6 5. Bf4 c5 6. cxd5 Nxd5 7. Bxb8 Rxb8 8.
Qa4+ Bd7 9. Qc4 Nb4 10. Qb3 cxd4 11. Nxd4 O-O 12. O-O-O a5 13. a3 Rc8 14. Kb1
a4 15. Nxa4 e5 16. axb4 exd4 17. e3 Be6 18. Qa3 Ra8 19. Bd3 Bd7 20. b3 Qe8 21.
Be4 dxe3 22. fxe3 Bxa4 23. Bxb7 Rb8 24. Qxa4 Rxb7 25. Qxe8 Rxe8 26. Rd3 Rxb4
27. Rc1 Bg5 28. Rc7 g6 29. Kc2 Bxe3 30. g3 Rbb8 31. h3 Bh6 32. Rf3 Re2+ 33. Kc3
f5 34. Rd7 Rc8+ 35. Kb4 Bf8+ 36. Kb5 Rb8+ 37. Kc4 Rc2+ 38. Kd3 Rb2 39. b4 Bxb4
40. Kd4 Re8 41. Ra7 0-1

[Event "ICS rated blitz match"]
[Site "204.178.125.65"]
[Date "2000.02.25"]
[Round "?"]
[White "LeTiger"]
[Black "Hossa"]
[Result "1-0"]
[WhiteElo "2775"]
[BlackElo "2395"]
[PlyCount "48"]

1. d4 Nf6 2. c4 e6 3. Nf3 b6 4. g3 Bb7 5. Bg2 Be7 6. O-O O-O 7. Nc3 Ne4 8. Bd2
f5 9. d5 Bf6 10. Qc2 Bxc3 11. Bxc3 exd5 12. cxd5 Bxd5 13. Rfd1 Nxc3 14. Qxc3
Bxf3 15. Bxf3 c6 16. Rd6 Qe7 17. Qc4+ Qf7 18. Qd4 f4 19. Be4 fxg3 20. hxg3 b5
21. Bd3 Qh5 22. Kg2 Qg5 23. Rh1 h5 24. Qe4 Rd8 1-0

[Event "ICS Rated blitz match"]
[Site "204.178.125.65"]
[Date "2000.02.25"]
[Round "?"]
[White "notradamus"]
[Black "Hossa"]
[Result "0-1"]
[WhiteElo "2090"]
[BlackElo "2390"]
[PlyCount "94"]

1. d4 Nf6 2. Bf4 g6 3. Nf3 Bg7 4. e3 Nh5 5. Bg3 Nxg3 6. hxg3 c5 7. c3 Qb6 8.
Qb3 Qxb3 9. axb3 cxd4 10. exd4 h5 11. Nbd2 d6 12. b4 d5 13. Bd3 Bd7 14. O-O Bh6
15. Rfe1 e6 16. Nb3 O-O 17. Nc5 Bc8 18. Ne5 b6 19. Nb3 a6 20. Re2 Nd7 21. f3
Nxe5 22. dxe5 Bb7 23. Nd4 Kg7 24. Ra2 Rfc8 25. Re1 Bd2 26. Re2 Bg5 27. Re1 Bd2
28. Re2 Bg5 29. Kf2 Bd8 30. Kg1 g5 31. Re1 Bc7 32. Kf2 Rh8 33. Rea1 Bxe5 34.
Bxa6 Bxd4+ 35. cxd4 Bc6 36. b5 Bd7 37. b4 h4 38. gxh4 Rxh4 39. Ke3 Rh2 40. Kf2
Kf6 41. Ke3 e5 42. dxe5+ Kxe5 43. Kd3 Bf5+ 44. Kc3 d4+ 45. Kd2 Rxg2+ 46. Ke1
Bc2 47. Rc1 Rh8 0-1

[Event "ICS Rated standard match"]
[Site "204.178.125.65"]
[Date "2000.02.25"]
[Round "?"]
[White "Hossa"]
[Black "chess-bomber"]
[Result "0-1"]
[WhiteElo "2223"]
[BlackElo "1999"]
[PlyCount "136"]

1. d4 Nf6 2. c4 c5 3. d5 e6 4. Nc3 exd5 5. cxd5 d6 6. e4 g6 7. Nf3 Bg7 8. Be2
O-O 9. O-O a6 10. a4 Re8 11. Bg5 Nbd7 12. Nd2 h6 13. Bh4 Qc7 14. Rb1 Ne5 15. f4
Neg4 16. Bf2 Nxf2 17. Rxf2 Rb8 18. Bf3 c4 19. Qf1 b5 20. axb5 axb5 21. Ne2 Ng4
22. Bxg4 Bxg4 23. g3 Qc5 24. e5 Qxd5 25. Nf3 dxe5 26. Nxe5 Bxe5 27. fxe5 Rxe5
28. Nf4 Qc5 29. Qg2 Rbe8 30. Rbf1 b4 31. Qb7 R8e7 32. Qb8+ Kg7 33. Kg2 g5 34.
h3 gxf4 35. hxg4 fxg3 36. Kxg3 Re3+ 37. Kh2 Qe5+ 38. Qxe5+ R3xe5 39. Rd1 Re2
40. Rd2 Rxf2+ 41. Rxf2 c3 42. Rc2 Rc7 43. bxc3 bxc3 44. Kg3 Kg6 45. Kh4 Rc4 46.
Kg3 Kg5 47. Kf3 f6 48. Ke2 Kxg4 49. Kd3 Rc5 50. Rc1 c2 51. Kd4 Rc8 52. Ke4 f5+
53. Ke5 f4 54. Ke4 f3 55. Ke3 Kg3 56. Rg1+ Kh2 57. Rc1 Kg2 58. Ke4 f2 59. Ra1
f1=Q 60. Rxf1 Kxf1 61. Kd4 c1=Q 62. Ke4 Rg8 63. Kd4 Qe1 64. Kd5 Rd8+ 65. Kc6
Qc1+ 66. Kb7 Rd2 67. Ka6 Rb2 68. Ka7 Qa1# 0-1

[Event "ICS rated blitz match"]
[Site "204.178.125.65"]
[Date "2000.02.25"]
[Round "?"]
[White "Hossa"]
[Black "QueenMaxima"]
[Result "0-1"]
[WhiteElo "2425"]
[BlackElo "2338"]
[PlyCount "168"]

1. Nf3 Nf6 2. g3 g6 3. Bg2 Bg7 4. O-O c6 5. d4 O-O 6. c4 d6 7. Nc3 Bg4 8. Re1
Qd7 9. e4 h6 10. Be3 Bh3 11. Qb3 Bxg2 12. Kxg2 Rd8 13. Qa3 Na6 14. Qa5 Qe6 15.
Nd2 Qg4 16. f3 Qh5 17. Nb3 Qxa5 18. Nxa5 Rdb8 19. Rad1 Nb4 20. Re2 b6 21. Nb3
a5 22. Kg1 b5 23. cxb5 cxb5 24. a3 Nc6 25. Rc1 b4 26. Nb1 bxa3 27. Nxa3 Nd8 28.
Rc3 d5 29. Nc5 dxe4 30. fxe4 Ng4 31. e5 Rb4 32. Nc4 Nc6 33. Nd3 Rbb8 34. Nd2
Nxe3 35. Rxc6 Nf5 36. Nf3 Rd8 37. Rc4 a4 38. Nde1 h5 39. Kg2 Bh6 40. Kh3 Ne3
41. Rc6 Rdc8 42. Rxc8+ Rxc8 43. e6 fxe6 44. Ng2 Nxg2 45. Kxg2 Bc1 46. Ne5 g5
47. Kf2 g4 48. Nd3 Kf7 49. Ke1 Bg5 50. Nc5 Rc6 51. Nb7 Rb6 52. Nd8+ Kf6 53.
Rf2+ Kg6 54. Rc2 Bf6 55. Nc6 Kf5 56. Rc4 Rxb2 57. Rxa4 Rxh2 58. Kf1 Rc2 59.
Ra5+ Ke4 60. Ra6 Rc1+ 61. Ke2 Rc3 62. Kf2 Kd5 63. Ne5 Kxd4 64. Nd7 Kd5 65. Ra5+
Kd6 66. Nxf6 exf6 67. Rxh5 e5 68. Rh8 f5 69. Ra8 f4 70. Ke2 Rxg3 71. Kd2 e4 72.
Rf8 Rf3 73. Rf7 g3 74. Rf8 g2 75. Rd8+ Ke7 76. Rg8 Rg3 77. Rh8 g1=Q 78. Rh7+
Kf6 79. Rh6+ Kg7 80. Rd6 Qe3+ 81. Kd1 Rg1+ 82. Kc2 Rg2+ 83. Kb1 Qb3+ 84. Kc1
Qc2# 0-1

[Event "ICS rated standard match"]
[Site "204.178.125.65"]
[Date "2000.02.25"]
[Round "?"]
[White "Esen"]
[Black "Hossa"]
[Result "0-1"]
[WhiteElo "1995"]
[BlackElo "2198"]
[PlyCount "54"]

1. e4 c5 2. Nf3 d6 3. Bb5+ Nd7 4. Bxd7+ Bxd7 5. c4 Nf6 6. Nc3 Bc6 7. d3 e6 8.
Bg5 Be7 9. Bxf6 Bxf6 10. Qc2 O-O 11. O-O Qb6 12. Qb3 Qxb3 13. axb3 Rfd8 14.
Rad1 d5 15. Rfe1 Bxc3 16. bxc3 dxe4 17. dxe4 Rxd1 18. Rxd1 Bxe4 19. Rd7 Bc6 20.
Rd6 Bxf3 21. gxf3 Kf8 22. Rd7 b6 23. Kf1 h6 24. h4 h5 25. f4 a5 26. Rb7 a4 27.
bxa4 Rxa4 0-1

[Event "ICS rated blitz match"]
[Site "204.178.125.65"]
[Date "2000.02.25"]
[Round "?"]
[White "Hossa"]
[Black "Tinker"]
[Result "1-0"]
[WhiteElo "2409"]
[BlackElo "2419"]
[PlyCount "173"]

1. d4 Nf6 2. c4 e6 3. Nf3 Bb4+ 4. Bd2 Be7 5. g3 Ne4 6. Bh3 O-O 7. Bf4 Bb4+ 8.
Nbd2 Nxd2 9. Bxd2 Bxd2+ 10. Nxd2 d5 11. O-O dxc4 12. Nxc4 Qd5 13. Rc1 Nc6 14.
e3 Qd8 15. Bg2 Ne7 16. Be4 Nd5 17. Qh5 Nf6 18. Qh4 Nxe4 19. Qxe4 Qd5 20. Qf4 b5
21. Ne5 Bb7 22. f3 Rac8 23. Rc5 Qd6 24. Qg4 Bd5 25. b3 a6 26. Rfc1 f6 27. Nc6
Rf7 28. R1c2 Ra8 29. f4 Be4 30. Rc1 Raf8 31. b4 Qd7 32. Qh3 Bd5 33. R1c2 Qe8
34. Na5 Qd8 35. Re2 Bf3 36. Rf2 Bd5 37. Qg4 f5 38. Qd1 Qa8 39. Qc1 Rc8 40. Nc6
Kh8 41. Ne5 Re7 42. Rfc2 Qb7 43. Qa3 Be4 44. Rc1 Kg8 45. Qa5 Kh8 46. R1c3 Kg8
47. Nc6 Ree8 48. Rc1 Bf3 49. Ne5 Re7 50. Rf1 Bh1 51. Rf2 Ra8 52. Rfc2 Be4 53.
Rxc7 Bxc2 54. Rxb7 Rxb7 55. h3 Be4 56. Kf2 Rba7 57. Qb6 Bd5 58. a3 Kf8 59. g4
fxg4 60. Qd6+ Kg8 61. e4 Bxe4 62. Qxe6+ Kh8 63. hxg4 Rf8 64. Ke3 Bg2 65. d5 Bh1
66. Qb6 Rfa8 67. d6 Rb7 68. Qd4 Kg8 69. d7 Rbb8 70. Qd1 g5 71. Qxh1 gxf4+ 72.
Kxf4 Rf8+ 73. Kg5 Rad8 74. Qd5+ Kg7 75. Nc6 h6+ 76. Kh5 Rxd7 77. Qxd7+ Rf7 78.
Qd4+ Kh7 79. Qe4+ Kg8 80. Qg6+ Kf8 81. Qxh6+ Kg8 82. Qg6+ Rg7 83. Qe8+ Kh7 84.
g5 Rc7 85. g6+ Kg7 86. Qe5+ Kg8 87. Qxc7 1-0

[Event "ICS Rated standard match"]
[Site "204.178.125.65"]
[Date "2000.02.25"]
[Round "?"]
[White "Hossa"]
[Black "Esen"]
[Result "1/2-1/2"]
[WhiteElo "2206"]
[BlackElo "1987"]
[PlyCount "79"]

1. d4 Nf6 2. c4 e6 3. Nc3 Bb4 4. a3 Bxc3+ 5. bxc3 b6 6. f3 d6 7. e4 e5 8. dxe5
dxe5 9. Qxd8+ Kxd8 10. Be3 Ke7 11. Rd1 c5 12. h4 Rd8 13. Rxd8 Kxd8 14. g3 Nc6
15. Nh3 Bxh3 16. Bxh3 Ke7 17. Bf1 Rd8 18. Rh2 Na5 19. Rd2 Rxd2 20. Bxd2 Ne8 21.
h5 Nd6 22. h6 g6 23. a4 Ndxc4 24. Be2 Nxd2 25. Kxd2 g5 26. Bb5 f6 27. Ba6 Kf7
28. Bc8 Kg6 29. Be6 Kxh6 30. Kd3 Kg7 31. g4 h6 32. Ke2 Kf8 33. Kd3 Ke7 34. Bd5
Kd6 35. Bf7 Kc7 36. Be6 Kb7 37. Ke3 Kc7 38. Kd3 Kc6 39. Bd5+ Kc7 40. Be6
1/2-1/2

[Event "ICS rated standard match"]
[Site "204.178.125.65"]
[Date "2000.02.25"]
[Round "?"]
[White "Esen"]
[Black "Hossa"]
[Result "0-1"]
[WhiteElo "1996"]
[BlackElo "2197"]
[PlyCount "30"]

1. e4 e5 2. Nf3 Nc6 3. Bb5 a6 4. Bxc6 dxc6 5. d4 exd4 6. Qxd4 Qxd4 7. Nxd4 Bd7
8. O-O O-O-O 9. Be3 Bc5 10. Nf5 Bxf5 11. exf5 Bxe3 12. fxe3 Nf6 13. Nc3 Rd2 14.
Rf2 Rhd8 15. h3 Rxf2 0-1

[Event "ICS rated standard match"]
[Site "204.178.125.65"]
[Date "2000.02.25"]
[Round "?"]
[White "Hossa"]
[Black "Esen"]
[Result "1-0"]
[WhiteElo "2205"]
[BlackElo "1988"]
[PlyCount "46"]

1. e4 c6 2. d4 d5 3. Nc3 dxe4 4. Nxe4 Bf5 5. Ng3 Bg6 6. h4 h6 7. Nf3 Nd7 8. h5
Bh7 9. Bd3 Bxd3 10. Qxd3 Qc7 11. Bd2 e6 12. O-O-O O-O-O 13. Rde1 Ngf6 14. Rh4
Bd6 15. Ne2 Kb8 16. c4 c5 17. d5 e5 18. Nc3 Rhe8 19. Nb5 Qb6 20. Qa3 Bc7 21. d6
Bxd6 22. Ba5 Qa6 23. Bxd8 Qxa3 1-0

[Event "ICS rated standard match"]
[Site "204.178.125.65"]
[Date "2000.02.25"]
[Round "?"]
[White "Esen"]
[Black "Hossa"]
[Result "0-1"]
[WhiteElo "1981"]
[BlackElo "2212"]
[PlyCount "25"]

1. e4 e5 2. Nf3 Nc6 3. Bb5 a6 4. Bxc6 dxc6 5. O-O Qd6 6. d3 f6 7. Nc3 Be6 8. d4
O-O-O 9. dxe5 fxe5 10. Bg5 Nf6 11. Qe2 Qb4 12. Rab1 Bc4 13. a3 0-1

[Event "ICS rated standard match"]
[Site "204.178.125.65"]
[Date "2000.02.25"]
[Round "?"]
[White "Hossa"]
[Black "Esen"]
[Result "1-0"]
[WhiteElo "2219"]
[BlackElo "1974"]
[PlyCount "113"]

1. Nf3 d5 2. c4 c6 3. g3 Bg4 4. Bg2 Bxf3 5. Bxf3 e6 6. Qb3 Qb6 7. Qxb6 axb6 8.
cxd5 exd5 9. O-O Nf6 10. d4 Bd6 11. Bg5 Nbd7 12. h3 h6 13. Bd2 O-O 14. Bg2 Rfe8
15. e3 Ne4 16. Bc1 Bb4 17. Rd1 b5 18. a3 f5 19. Nd2 Bxd2 20. Bxd2 Nxd2 21. Rxd2
Nb6 22. Rc2 Ra7 23. Rac1 Rea8 24. h4 Re8 25. h5 Kf7 26. Bf1 Nc4 27. Kg2 Kf6 28.
Be2 Nd6 29. Rg1 Raa8 30. Bf3 Ra4 31. Rcc1 Rc4 32. Be2 Rxc1 33. Rxc1 Ra8 34. Rc2
Kg5 35. Bf3 Ne4 36. Bd1 Nd6 37. Kf1 Nc4 38. Be2 Nd6 39. Kg2 Ne8 40. Kh3 Nd6 41.
Bd1 Ra4 42. Rc1 Rc4 43. Ra1 Ne4 44. f4+ Kf6 45. Bb3 Ke6 46. Bxc4 dxc4 47. Kh4
Nf6 48. a4 b4 49. Rc1 Kd5 50. a5 Ne4 51. g4 fxg4 52. Kxg4 Nf2+ 53. Kf5 Nd3 54.
Rc2 b3 55. Rd2 c3 56. Rxd3 c2 57. Rc3 1-0

[Event "ICS rated standard match"]
[Site "204.178.125.65"]
[Date "2000.02.25"]
[Round "?"]
[White "Esen"]
[Black "Hossa"]
[Result "0-1"]
[WhiteElo "1968"]
[BlackElo "2225"]
[PlyCount "39"]

1. d4 Nf6 2. c4 e6 3. Nc3 Bb4 4. Qc2 O-O 5. a3 Bxc3+ 6. Qxc3 b6 7. Nf3 Bb7 8.
g3 c5 9. Bg2 cxd4 10. Qxd4 Nc6 11. Qd1 Re8 12. O-O d5 13. cxd5 Qxd5 14. Qxd5
exd5 15. e3 Rac8 16. Bd2 Ne4 17. Rfc1 Ne5 18. Be1 Nd3 19. Rxc8 Rxc8 20. Bc3 0-1

[Event "ICS rated blitz match"]
[Site "204.178.125.65"]
[Date "2000.02.25"]
[Round "?"]
[White "QueenMaxima"]
[Black "Hossa"]
[Result "1/2-1/2"]
[WhiteElo "2335"]
[BlackElo "2425"]
[PlyCount "222"]

1. e4 d5 2. exd5 Qxd5 3. Nc3 Qa5 4. d4 Nf6 5. Nf3 Bg4 6. Be2 Nc6 7. O-O O-O-O
8. Be3 h6 9. h3 Bh5 10. Qd3 e6 11. a3 Bxf3 12. Bxf3 Ne5 13. Qe2 Nxf3+ 14. Qxf3
Bd6 15. Rfe1 Rd7 16. Bd2 Qb6 17. Rab1 Qxd4 18. Be3 Qe5 19. Bxa7 Qf4 20. Qxf4
Bxf4 21. Be3 Bxe3 22. Rxe3 Rd2 23. Rc1 Rhd8 24. Ree1 h5 25. Red1 g5 26. Rxd2
Rxd2 27. Kf1 Kd7 28. Ke1 Rd4 29. Ne2 Rd6 30. Nc3 e5 31. Rd1 Rxd1+ 32. Kxd1 Ke6
33. Ke2 Nd5 34. Ne4 Kf5 35. Nc5 b6 36. Na6 Ke6 37. Kf3 Kd6 38. Ke4 Nf4 39. Kf3
f5 40. Kg3 Ne2+ 41. Kh2 e4 42. a4 f4 43. c3 Nc1 44. Kg1 e3 45. fxe3 fxe3 46.
Kf1 e2+ 47. Kf2 Nd3+ 48. Kxe2 Nxb2 49. a5 bxa5 50. Kd2 a4 51. Kc2 Nc4 52. g3 c5
53. h4 g4 54. Kb1 Kc6 55. Ka2 Kb6 56. Nb8 Ne5 57. Ka3 Kb5 58. Ka2 c4 59. Ka3
Ka5 60. Ka2 Kb6 61. Ka3 Kb5 62. Kb2 Nd3+ 63. Ka2 Nc1+ 64. Ka3 Ne2 65. Nd7 Nxg3
66. Nf6 Ne2 67. Nxh5 g3 68. Nxg3 Nxg3 69. Ka2 Nh5 70. Kb2 Nf4 71. Ka2 Ka5 72.
Ka3 Nh5 73. Ka2 Nf6 74. Ka3 Ne4 75. Kb2 Ng3 76. Ka3 Nf5 77. h5 Nh6 78. Ka2 Ng4
79. Ka3 Kb5 80. Kb2 Nh6 81. Ka3 Nf5 82. Kb2 Ka6 83. Ka2 Nh6 84. Ka3 Kb5 85. Kb2
Nf5 86. Ka3 Ka5 87. Kb2 Kb6 88. Ka3 Kc5 89. Kxa4 Nh6 90. Ka5 Nf7 91. Ka6 Kd5
92. Kb5 Nh6 93. Kb4 Ng4 94. Kb5 Nf6 95. h6 Nh7 96. Kb4 Ng5 97. Kb5 Nf7 98. h7
Nh8 99. Kb4 Ke5 100. Kxc4 Ke4 101. Kb5 Kf5 102. c4 Kg6 103. c5 Kg7 104. c6 Ng6
105. Kc5 Ne7 106. Kd6 Nc8+ 107. Kc7 Ne7 108. Kd7 Nxc6 109. Kxc6 Kh8 110. Kd5
Kg7 111. h8=Q+ Kxh8 1/2-1/2

[Event "ICS rated blitz match"]
[Site "204.178.125.65"]
[Date "2000.02.25"]
[Round "?"]
[White "Hossa"]
[Black "QueenMaxima"]
[Result "1-0"]
[WhiteElo "2421"]
[BlackElo "2339"]
[PlyCount "47"]

1. e4 g6 2. d4 Bg7 3. Nc3 c6 4. Nf3 d5 5. h3 dxe4 6. Nxe4 Nf6 7. Nxf6+ Bxf6 8.
c3 Bg7 9. Bd3 h6 10. Be3 Qd5 11. O-O O-O 12. Re1 Rd8 13. Bf4 Be6 14. Ne5 Kh7
15. Bc4 Qa5 16. Bxe6 fxe6 17. Qb1 Bxe5 18. Rxe5 b5 19. Rh5 Kg7 20. Rxh6 Rg8 21.
Rxg6+ Kf7 22. Rxg8 Kxg8 23. Qg6+ Kh8 24. Be5# 1-0

[Event "ICS rated blitz match"]
[Site "204.178.125.65"]
[Date "2000.02.25"]
[Round "?"]
[White "PostModernist"]
[Black "Hossa"]
[Result "1-0"]
[WhiteElo "2562"]
[BlackElo "2433"]
[PlyCount "90"]

1. c4 e5 2. Nc3 Nf6 3. g3 c6 4. Nf3 e4 5. Nd4 d5 6. cxd5 cxd5 7. d3 exd3 8.
Qxd3 Nc6 9. Bg2 Bc5 10. Nb3 Nb4 11. Qb5+ Nd7 12. O-O a6 13. Qa4 Be7 14. a3 b5
15. Qa5 Qxa5 16. Nxa5 Nc2 17. Ra2 Nf6 18. Nxd5 Nxd5 19. Bxd5 Ra7 20. b4 Nd4 21.
Rd1 Ne6 22. Be3 Rc7 23. Bb6 Rc3 24. Bc6+ Kf8 25. Be3 Ng5 26. h4 Be6 27. Rad2
Nh3+ 28. Kg2 Rxe3 29. fxe3 g5 30. Bd5 Bc8 31. Rc1 Bg4 32. Rc7 gxh4 33. Nc6 hxg3
34. Nxe7 Kg7 35. Bf3 Be6 36. Kxg3 Kf6 37. Rd6 Re8 38. Nd5+ Ke5 39. Rxa6 Rg8+
40. Kh2 Ng5 41. Ne7 Rb8 42. Nc6+ Kd6 43. Rca7 Rh8 44. Rb7 h6 45. Kg3 Re8 1-0

[Event "ICS rated blitz match"]
[Site "204.178.125.65"]
[Date "2000.02.25"]
[Round "?"]
[White "Hossa"]
[Black "PostModernist"]
[Result "0-1"]
[WhiteElo "2423"]
[BlackElo "2572"]
[PlyCount "90"]

1. e4 c6 2. d4 d5 3. e5 c5 4. dxc5 e6 5. Be3 Nh6 6. Bb5+ Bd7 7. Bxd7+ Nxd7 8.
Bxh6 gxh6 9. Nf3 Bxc5 10. Qd2 Qc7 11. Qe2 O-O-O 12. Nbd2 Rdg8 13. Rg1 Qb6 14.
Nb3 Rg4 15. Nfd2 Rhg8 16. g3 Ra4 17. Nxc5 Qxc5 18. Qh5 Qxc2 19. Qxf7 Rd8 20. f4
Qxb2 21. Rb1 Qc2 22. Ra1 Nc5 23. Rd1 Rxa2 24. Rg2 Nd3+ 25. Ke2 Nc1+ 26. Ke1 Ra1
27. Qxe6+ Rd7 28. Rg1 Nd3+ 29. Ke2 Rxd1 30. Qe8+ Kc7 31. Rxd1 Nb2 32. Ra1 Qd3+
33. Ke1 Qe3+ 34. Kf1 Nd3 35. Ne4 dxe4 36. Qxd7+ Kxd7 37. Ra2 Qf3+ 38. Kg1 e3
39. g4 Qxg4+ 40. Kf1 Nxf4 41. Rd2+ exd2 42. Kf2 d1=N+ 43. Kf1 Qf3+ 44. Kg1 Qf2+
45. Kh1 Qf1# 0-1